Drug dilemmas : (Record no. 129422)

MARC details
000 -LEADER
fixed length control field 00687nam a22002297a 4500
005 - DATE AND TIME OF LATEST TRANSACTION
control field 20170124110055.0
010 ## - LIBRARY OF CONGRESS CONTROL NUMBER
LC control number 948225
020 ## - INTERNATIONAL STANDARD BOOK NUMBER
International Standard Book Number 333902939
Terms of availability 38.00
035 ## - SYSTEM CONTROL NUMBER
System control number 948225
037 ## - SOURCE OF ACQUISITION
Stock number Cen Lib/Ret
040 ## - CATALOGING SOURCE
Original cataloging agency DPL
Language of cataloging EN
082 ## - DEWEY DECIMAL CLASSIFICATION NUMBER
Classification number 615.7
Item number SHA
100 ## - MAIN ENTRY--PERSONAL NAME
Personal name Shah, Ambalal
9 (RLIN) 26322
245 ## - TITLE STATEMENT
Title Drug dilemmas :
Statement of responsibility, etc by Ambalal Shah [and] Nitin Shah
Remainder of title adverse reactions & interactions /
260 ## - PUBLICATION, DISTRIBUTION, ETC. (IMPRINT)
Place of publication, distribution, etc Delhi
Name of publisher, distributor, etc Macmillan Company of India Limited
Date of publication, distribution, etc 1978
300 ## - PHYSICAL DESCRIPTION
Extent viii,144p.
Dimensions 24cm(Hb)
500 ## - GENERAL NOTE
General note Includes index
650 ## - SUBJECT ADDED ENTRY--TOPICAL TERM
Topical term or geographic name as entry element Drugs
9 (RLIN) 16609
650 ## - SUBJECT ADDED ENTRY--TOPICAL TERM
Topical term or geographic name as entry element Drugs used in tuberculosis
9 (RLIN) 26323
700 ## - ADDED ENTRY--PERSONAL NAME
Personal name Shah, Nitin
9 (RLIN) 26324
942 ## - ADDED ENTRY ELEMENTS (KOHA)
Source of classification or shelving scheme Dewey Decimal Classification
Koha item type English Books
Classification part 615.7
Call number suffix SHA
Holdings
Withdrawn status Lost status Damaged status Not for loan Home library Current library Date acquired Source of acquisition Cost, normal purchase price Total Checkouts Full call number Barcode Date last seen Copy number Cost, replacement price Price effective from Koha item type Public note
Written off       Central Library Central Library 06/07/2015 Cen Lib/Ret 38.00   615.7 SHA 948225 06/07/2015 1 38.00 06/07/2015 English Books W/d List No. 6883/10 ; dtd 05/09/2020

© Delhi Public Library
Hit Counter
free hit counter